| 000 | 01268nam a22003017i 4500 | ||
|---|---|---|---|
| 999 |
_c23639 _d23639 |
||
| 003 | AR-CdUCM | ||
| 008 | 260427b20232023 pe||||| |||| 00| 0 spa d | ||
| 020 | _a9789-612-4327-63-6 | ||
| 040 |
_aMUNICIPALIDAD PROVINCIAL DEL CUSCO _cBIBLIOTECA MUNICIPAL DEL CUSCO |
||
| 041 | _hspa | ||
| 082 |
_a332.404 _bG66 |
||
| 100 |
_aGonzales, Juan Carlos _952703 |
||
| 245 |
_aDinero Digital : _bLa nueva ola financiera en 7 simples pasos / |
||
| 260 |
_aLima-Perú: _bEditorial Planeta Perú S.A. _c2023 |
||
| 300 |
_a218 páginas. : _c22x15 cm- |
||
| 500 | _zPáginas: 217-218 | ||
| 505 | _aLa clave de los activos digitales -- Un activo digital en las criptomonedas -- La volatilidad, la gran decepción -- Fraccionando bitcoins -- Revolución blockchain -- Reinvención de las aplicaciones web -- Un nuevo mercado de oportunidades -- Mas allá de las criptomonedas -- Principales ecosistemas DeFi -- La nueva economía del token. | ||
| 650 |
_aDinero virtual _952704 |
||
| 650 |
_aBitcoin _952705 |
||
| 650 |
_aAltcoins _952706 |
||
| 650 |
_aDay trading _952707 |
||
| 650 |
_aBilleteras _952708 |
||
| 650 |
_aLlave privada _952709 |
||
| 650 |
_aTokenización _952710 |
||
| 856 | _fwww.planetadelibros. com.pe | ||
| 942 |
_2ddc _cLIBROS |
||
| 945 |
_apbjr _d27-04-2026 |
||